<?xml version="1.0" encoding="UTF-8"?>
<marc:record xmlns:marc="http://www.loc.gov/MARC21/slim">
   <marc:leader>00000nam a2200000 a 4500</marc:leader>
   <marc:datafield ind1="1" ind2=" " tag="100">
      <marc:subfield code="a">Saunders, George</marc:subfield>
      <marc:subfield code="4">aut</marc:subfield>
      <marc:subfield code="e">Verfasser/-in</marc:subfield>
   </marc:datafield>
   <marc:datafield ind1="1" ind2=" " tag="100">
      <marc:subfield code="a">Cardinal, Chelsea</marc:subfield>
   </marc:datafield>
   <marc:datafield ind1="1" ind2=" " tag="100">
      <marc:subfield code="a">Heibert, Frank</marc:subfield>
   </marc:datafield>
   <marc:datafield ind1=" " ind2=" " tag="653">
      <marc:subfield code="a">Novelle</marc:subfield>
   </marc:datafield>
   <marc:datafield ind1="0" ind2="0" tag="245">
      <marc:subfield code="a">Fuchs 8</marc:subfield>
   </marc:datafield>
   <marc:datafield ind1="0" ind2="0" tag="245">
      <marc:subfield code="c">George Saunders</marc:subfield>
   </marc:datafield>
   <marc:datafield ind1=" " ind2="1" tag="264">
      <marc:subfield code="a">München</marc:subfield>
      <marc:subfield code="b">Luchterhand Literaturverlag</marc:subfield>
      <marc:subfield code="c">2019</marc:subfield>
   </marc:datafield>
   <marc:datafield ind1="1" ind2=" " tag="520">
      <marc:subfield code="a">Fuchs 8 war immer schon neugierig und ein bisschen anders als die anderen Füchse seiner Gruppe. So hat er die menschliche Sprache gelernt, weil er sich gern in den Büschen vor den Häusern versteckte und zuhörte, wenn die Menschen ihren Kindern Gutenachtgeschichten vorlasen. Die Macht der Worte und Geschichten befeuert seine Neugier auf diese Wesen, bis Gefahr am Horizont auftaucht: Der Bau eines riesigen Einkaufszentrums zerstört den Wald, in dem die Füchse leben, und sie finden kaum noch Nahrung. Dem stets belächelten Tagträumer Fuchs 8 bleibt nur eines: Er beschließt, seine Fuchsfamilie zu retten, und macht sich auf den Weg zu den Menschen ...</marc:subfield>
   </marc:datafield>
   <marc:datafield ind1=" " ind2=" " tag="020">
      <marc:subfield code="a">9783630876207</marc:subfield>
      <marc:subfield code="9">9783630876207</marc:subfield>
   </marc:datafield>
   <marc:datafield ind1="0" ind2=" " tag="490">
      <marc:subfield code="v">0</marc:subfield>
   </marc:datafield>
   <marc:datafield ind1=" " ind2=" " tag="300">
      <marc:subfield code="a">S. 56 ; Illustrationen</marc:subfield>
   </marc:datafield>
</marc:record>
